Ανάλυση ειδικεύσεων στη βιομηχανία κατά νομό για το 1988

Αποθηκεύτηκε σε:
Λεπτομέρειες βιβλιογραφικής εγγραφής
Κύριος συγγραφέας: Τονικίδου, Παρθενόπη
Συγγραφή απο Οργανισμό/Αρχή: Κέντρο Προγραμματισμού και Οικονομικών Ερευνών
Μορφή: Βιβλίο
Γλώσσα:Greek
Δημοσίευση: Αθήνα : Κέντρο Προγραμματισμού και Οικονομικών Ερευνών, 1999.
Σειρά:Στατιστικά στοιχεία ; 6
Θέματα:
Ετικέτες: Προσθήκη ετικέτας
Δεν υπάρχουν, Καταχωρήστε ετικέτα πρώτοι!

MARC

LEADER 00000cam a2200000 i 4500
001 1/9525
008 000816s1999 gr | ||| |||| ||gre||
020 |a 9603410284 
035 |l 10063087 
040 |a GR-MyAa  |b gre  |e AACR2 
041 0 |a gre 
082 7 |2 (22) 
100 1 |a Τονικίδου, Παρθενόπη. 
245 1 0 |a Ανάλυση ειδικεύσεων στη βιομηχανία κατά νομό για το 1988 /   |c Παρθενόπης Τονικίδου - Ευαγγελάτου. 
260 |a Αθήνα :   |b Κέντρο Προγραμματισμού και Οικονομικών Ερευνών,   |c 1999. 
300 |a 99 σ. ;   |c 28 εκ. 
490 1 |a (Στατιστικά στοιχεία ;   |v 6) 
504 |a Περιέχει βιβλιογραφία. 
650 0 |a Occupations  |z Greece  |x Classification. 
650 0 |a Labor supply  |z Greece  |x Statistics. 
710 2 |a Κέντρο Προγραμματισμού και Οικονομικών Ερευνών. 
830 0 |a Στατιστικά στοιχεία ;  |v 6 
852 |a INST  |b LESVOS  |e 20000816  |h 338.9495 ΤΟΝ  |p 005100024302  |q 005100024302  |t BK  |y 0 
901 |a BIBL1-2000-2 
970 |z 2000/08/ELIDOC